Vaastu Flat Sanstruti. (Record no. 18864)

MARC details
000 -LEADER
fixed length control field 00334nam a2200121Ia 4500
008 - FIXED-LENGTH DATA ELEMENTS--GENERAL INFORMATION
fixed length control field 220803s9999 xx 000 0 und d
041 ## - LANGUAGE CODE
Language code of text/sound track or separate title eng
082 ## - DEWEY DECIMAL CLASSIFICATION NUMBER
Classification number 728.38 SAH
100 ## - MAIN ENTRY--PERSONAL NAME
Personal name Sahastrabudhe Narendra. & Narendra Sahasrabuddhe
9 (RLIN) 30028
245 ## - TITLE STATEMENT
Title Vaastu Flat Sanstruti.
260 ## - PUBLICATION, DISTRIBUTION, ETC. (IMPRINT)
Place of publication, distribution, etc. Pune
Name of publisher, distributor, etc. Prajakta Prakashan
Date of publication, distribution, etc. 2014
300 ## - PHYSICAL DESCRIPTION
Extent 208p
Holdings
Withdrawn status Lost status Damaged status Not for loan Home library Current library Date acquired Vendor Cost, normal purchase price Total Checkouts Full call number Barcode Date last seen Bill Date Koha item type Original Barcode
        Dr. Bhanuben Nanavati College of Architecture Dr. Bhanuben Nanavati College of Architecture 05/04/2018 Narendra Sahasrabuddhe 220.00   728.38 SAH BNCA-DB-1602 03/08/2022 03/08/2022 Donated Book DB001602